| 000 | 00470 a2200193 4500 | ||
|---|---|---|---|
| 005 | 20260313120804.0 | ||
| 008 | 260312b |||||||| |||| 00| 0 eng d | ||
| 020 |
_a978139128326 _c£ 76.99 |
||
| 040 | _aMAIN | ||
| 082 |
_a339 _bM314M(12) |
||
| 100 | _aMankiw, Gregory N | ||
| 245 | _aMacroeconomics | ||
| 250 | _a12th | ||
| 260 |
_bWorth Publishers _c2025 _aNew York |
||
| 300 | _axxxi, 562 | ||
| 650 | _aEconomics | ||
| 650 | _aMacroeconomics | ||
| 942 | _cBK | ||
| 999 |
_c396953 _d396953 |
||